000
00283nam a2200121Ia 4500
100
_a
Einstein A& infeld L
942
_c
BK
654
_a
physics theory
245
_a
Evolution of physics theory
260
_b
Universal Book Stall
_a
New Delhi
_c
1992
546
_a
ENGLISH
999
_c
29847
_d
29847